MARC details
| 000 -LÍDER |
| campo de controle de tamanho fixo |
01499nam a22003137a 4500 |
| 001 - NÚMERO DE CONTROLE |
| campo de controle |
425 |
| 003 - IDENTIFICADOR DO NÚMERO DE CONTROLE |
| campo de controle |
OSt |
| 005 - DATA E HORÁRIO DA ÚLTIMA TRANSAÇÃO |
| campo de controle |
20250617150414.0 |
| 008 - CAMPO DE DADOS FIXOS--INFORMAÇÃO GERAL |
| campo de controle de tamanho fixo |
250616b |||||||j |||| 00| 1 eng d |
| 020 ## - ISBN - INTERNATIONAL STANDARD BOOK NUMBER |
| ISBN - International Standard Book Number |
9788543102641 |
| 040 ## - FONTE DA CATALOGAÇÃO |
| Idioma da catalogação |
por |
| 041 ## - CÓDIGO DE IDIOMA |
| Código do idioma do original e/ou traduções intermediárias do texto |
eng |
| Código do idioma do texto/trilha sonora ou título diferente |
por |
| 082 ## - CDD - CLASSIFICAÇÃO DECIMAL DE DEWEY |
| Número de Classificação |
IJ 028.5 |
| Número do exemplar |
B724d |
| 100 ## - ENTRADA PRINCIPAL--NOME PESSOAL |
| Nome pessoal |
Books, Herobrine |
| 9 (RLIN) |
912 |
| 240 ## - TÍTULO UNIFORME |
| Título uniforme |
Diary of a Minecraft zombie #1 |
| 245 ## - TÍTULO |
| Título |
Diário de um zumbi do Minecraft: |
| Restante do título |
Um desafio assustador / |
| Indicação de responsabilidade, etc. |
Books, Herobrine ; Tradução de Ana Ban. |
| 260 ## - PUBLICAÇÃO, DISTRIBUIÇÃO, ETC. |
| Local de publicação, distribuição, etc. |
Rio de Janiero |
| Nome do editor, distribuidor, etc. |
Sextante |
| Data da publicação, distribuição, etc. |
2015 |
| 300 ## - DESCRIÇÃO FÍSICA |
| Extensão |
84 p. |
| 520 ## - NOTA DE RESUMO, ETC. |
| Resumo, etc. |
Você acha que os zumbis são diferentes da gente? Então ficará surpreso com o que vai descobrir. Você tem nas mãos o diário de um zumbi de 12 anos. Nestas páginas, você terá a oportunidade de conhecer o dia a dia na Escola Monstro e vai saber o que realmente se passa na cabeça de slimes, esqueletos, creepers, endermen e outros personagens do universo Minecraft. Entre um passeio para o Nether e um quase encontro com o Ender Dragon, o maior desafio na vida de um jovem zumbi está em jogo: conquistar Sally Cadáver e derrotar Jeff, o maior imbecil da escola. A vida (ou seria a morte?) de um zumbi não é nada fácil...<br/> |
| 650 #0 - ASSUNTO--TERMO TÓPICO |
| Cabeçalho tópico ou nome geográfico |
Infantojuvenil |
| 9 (RLIN) |
200 |
| 650 #0 - ASSUNTO--TERMO TÓPICO |
| Cabeçalho tópico ou nome geográfico |
Zumbi |
| 9 (RLIN) |
914 |
| 650 #0 - ASSUNTO--TERMO TÓPICO |
| Cabeçalho tópico ou nome geográfico |
Minecraft |
| 9 (RLIN) |
915 |
| 650 #0 - ASSUNTO--TERMO TÓPICO |
| Cabeçalho tópico ou nome geográfico |
Aventura |
| 9 (RLIN) |
47 |
| 655 #0 - TERMO DE ÍNDICE--GÊNERO E FORMA |
| Gênero/forma/ou termo foco |
Ficção |
| 655 #0 - TERMO DE ÍNDICE--GÊNERO E FORMA |
| Gênero/forma/ou termo foco |
Romance |
| 700 ## - ENTRADA ADICIONADA - NOME PESSOAL |
| Nome pessoal |
Ana Ban |
| Função do autor por extenso |
Tradutor |
| 9 (RLIN) |
203 |
| 830 ## - ENTRADA SECUNDÁRIA DE SÉRIE--TÍTULO UNIFORME |
| Título uniforme |
Diário de um Zumbi do Minecraft |
| 9 (RLIN) |
913 |
| 942 ## - ELEMENTOS DE ENTRADA ADICIONADOS (KOHA) |
| Fonte de classificação ou esquema de arquivamento |
Classificação decimal de Dewey |
| Ocultar no OPAC |
Não |
| Tipo de material Koha |
Livros |